| 000 | 00483nam a2200193 a 4500 | ||
|---|---|---|---|
| 001 | 10766 | ||
| 003 | CO-ViMGA | ||
| 008 | 141112s2004 ck r 000 u spa d | ||
| 020 | _a9586333280 | ||
| 040 |
_aCO-ViMGA _bspa _cCO-ViMGA |
||
| 082 | 0 | 4 | _a823 D695s |
| 100 | 1 |
_aConan, Arthur _914731 |
|
| 245 | 1 | 0 | _aEl Sabueso de los Baskerville |
| 260 | _aBogotá Rei Andes.1993 | ||
| 300 | _a247.p.il. | ||
| 650 | 1 | 4 | _aNOVELA INGLESA |
| 650 | 1 | 4 |
_aNOVELA POLICIACA _914732 |
| 942 |
_2ddc _cBK |
||
| 999 |
_c22016 _d22016 |
||